000 00481nam a2200181Ia 4500
001 24576
005 20260414151052.0
008 260414t2014||||xx |||||||||||||| ||spa||
041 _aESP
082 _a345.721
_bB141 V. 23
100 _aHernández García, Roberto
_eAUT
245 0 _aArbitraje :
_bdispute boards en Latinoamérica, experiencias y retos
260 _c2014
300 _a236 páginas :
_c24 cm.
650 _aDER
654 _aCDE
942 _cLIB
_dJUS
_fJUS
_2ddc
_n
999 _c24576
_d24576